000
00290nam a2200121Ia 4500
008
190216s9999||||xx |||||||||||||| ||und||
100
_a
Wilson G B & John Morrison
245
0
_a
Cytology
260
_b
Affiliated East West Press
_c
1962
300
_a
319p
650
_a
Botany
942
_c
BK
999
_c
1357
_d
1357